[Event "EU-chT (Men) 15th"]
[Site "Gothenburg"]
[Date "2005.08.01"]
[Round "3.3"]
[White "Berg, Emanuel"]
[Black "Graf, Alexander"]
[Result "0-1"]
[WhiteElo "2539"]
[BlackElo "2605"]
[Annotator "Berg,E"]
[PlyCount "84"]
[EventDate "2005.07.30"]
[EventType "team-swiss"]
[EventRounds "9"]
[EventCountry "SWE"]
[SourceTitle "CBM 109"]
[Source "ChessBase"]
[SourceDate "2005.11.14"]
[SourceVersion "1"]
[SourceVersionDate "2005.11.14"]
[SourceQuality "1"]
[WhiteTeam "Sweden"]
[BlackTeam "Germany"]
[WhiteTeamCountry "SWE"]
[BlackTeamCountry "GER"]

1. e4 e5 2. Nf3 Nc6 3. Bb5 a6 4. Ba4 Nf6 5. O-O Be7 6. Re1 b5 7. Bb3 d6 8. c3
O-O 9. h3 Nb8 10. d4 Nbd7 11. Nbd2 Bb7 12. Bc2 Re8 13. Nf1 Bf8 14. Ng3 g6 15.
b3 {this move doesn't seem to give white anything special after blacks reply.
Instead} (15. a4 {should be played to put pressure on the black queenside.
Just one round later in the tournament Graf played this variation once again
against the Frenchman Fressinet. There followed} c5 16. d5 c4 17. Bg5 Bg7 18.
Qd2 {with a slight advantage to white who later on went on to win the game.})
15... d5 $1 {With this pawn break black immediately equalizes. As the game is
about to open and white still hasn't got time to play Bb2, the move b3 has
just created weaknesses in white's position.} 16. dxe5 ({After} 16. Nxe5 {
black plays} Nxe4 {with an even position.}) (16. Bg5 {has been played a few
times, but after} h6 17. Bh4 g5 18. Nxg5 hxg5 19. Bxg5 exd4 {white's
compensation has shown to be insufficient.}) 16... Nxe5 $2 {A mistake. Now
white is getting another chance to take the advantage. Black should have played
} (16... dxe4 17. Nxe4 Nxe4 18. Bxe4 Bxe4 19. Rxe4 Nxe5 $1 {with an even
endgame. I had planned to continue with} 20. Bf4 Qxd1+ 21. Rxd1 Nxf3+ 22. gxf3
{and the activity of whites pieces compensate for the double pawn on the
f-file.}) 17. Nxe5 Rxe5 18. f4 ({The alternative was} 18. Bf4 {but this can be
met with} Re6 19. e5 Nd7 {and there is difficult to see any good continuation
for white. Now the e5 pawn is easier to attack as its only protected by pieces.
}) 18... Re8 ({Now} 18... Re6 {is bad because of} 19. f5 $1 {and the white
attack comes quickly.}) 19. e5 Nd7 20. Qg4 {White starts building up an attack
on the kingside. The break e5-e6 can soon become a serious threat and moreover
the queen support the pawn thrust h4-h5.} Bg7 {Black protects his king with
the bishop and also puts some pressure to e5. Furthermore the bishop is
directed against c3 and a1, which makes e5-e6 difficult to carry through.} 21.
Ba3 $1 {White takes the chance and occupies the fine diagonal down to f8 that
the black bishop just left.} c5 {Blocking the diagonal for white's bishop and
takes control over the center as well. But in the same time blacks position
starts to look a bits shaky and hollow.} 22. Rad1 {White increases the
pressure on blacks position. The rook shoots along the d-file down to d7 and
d8 and moves like Ne4 and Be4 is in the air.} Bc6 {Protecting the knight on d7,
freeing the queen as is now on her way to a5.} 23. h4 $5 {White ignores
black's threat ...Qa5 and instead stakes everything for his own attack.} ({
White could also have chosen the more positional} 23. b4 {with the idea} c4 24.
Bc1 {to get control over the dark squares.}) 23... Qa5 24. h5 $1 {The point
behind 23.h4. White sacrifices a piece for a crushing attack.} Qxc3 $1 {
Instead of accepting the piece black takes a pawn so that the queen should be
able to support the defence. From here it threatens in all directions and
disturb the co-ordination for white. at the same time the queen is dangerously
placed and can easily be trapped by the white pieces.} (24... Qxa3 {is far too
greedy. The white attack breaks though very quickly after} 25. hxg6 hxg6 26.
Bxg6 $1 fxg6 27. Qxg6 {and to avoid mate black must play} Nf8 28. Qxc6 {
with two pawns and a strong attack for the sacrificed piece.}) 25. hxg6 hxg6
26. Re2 {White protects the bishop on c2 and prepares the sacrifice Bb2
followed by Bxg6, but also 27.Rd3 can be an interesting possibility.} ({
Unfortunately} 26. Bxg6 {doesn't work because of} fxg6 27. Qxg6 Nf8 28. Qxc6
Qxg3 {and white has some compensation, but not sufficient for a whole piece.
The black pieces are a lot more active here compared with the previous
variation.}) ({However} 26. Bb1 $5 {was an interesting option.} Nf8 27. Ne2
Qe3+ 28. Kf1 {and the black queen is about to get trapped with Bc1.} {Black
can save the queen tactically with} Bd7 29. Qh4 g5 $1 30. Qxg5 Rxe5 $1 {
but after} 31. Bxc5 $1 Qxe2+ ({In case of} 31... Rxg5 32. Bxe3 Rg4 33. g3 {
the black rook on g4 is in a terrible position.}) 32. Rxe2 Rxg5 33. fxg5 Bg4
34. Rxd5 Bxe2+ 35. Kxe2 {white has an extra pawn and a winning position.
Instead black should try 26...Lxe5! 27.fxe5 Sxe5 28.Txe5 (28.Df4 looses to
Sf3+ and the rook on e1 will be lost for white) 28...Txe5 Now black has rook
and three pawns for white two minor pieces. The tactics with 29.Lxg6 doesn't
work because of 29...De3+ followed by 30...Tg5 and black wins.}) 26... Nf8 27.
Bb2 $2 ({It was better to play} 27. Rd3 Qa1+ {and here white can choose
between 28.Rd1 Qc3 with repetition or the very interesting continuation} 28.
Kh2 {Now the c5 pawn is threatened and after} b4 {there follow} 29. Rd1 Qxa2
30. Bxg6 Qxa3 31. Bf5 $1 {White has a dangerous initiative for the sacrificed
piece. The immediate threat is Kh5 and there is difficult to find a good
defence.} (31. Bxf7+ {is a bit too spectacular. After} Kxf7 32. Nf5 Ne6 33.
Nd6+ Ke7 34. Nxe8 Rxe8 35. f5 Qxb3 $1 {the black king will escape and white
has sacrificed far too much material.}) 31... Re6 ({in case of} 31... Ne6 {
there will follow} 32. Nh5 Ra7 33. Re3 $1 {and the black king doesn't stand a
chance against the coming attack.}) (31... Qxb3 {also look tough for black.}
32. Nh5 Ng6 33. Rd3 $1 {with a powerful attack.} ({Worse is} 33. Bxg6 fxg6 34.
Qxg6 Re7 35. Rd3 Qb1 {and white has no better than repetition with} 36. Nf6+ (
36. Nxg7 Rxg7 37. Qe6+ Kf8 38. Rh3 {doesn't work because of} Rg6 $1 {and black
wins.}))) 32. Bxe6 Nxe6 ({White is winning after} 32... fxe6 33. Nh5 Ra7 34.
Re3 {followed by Rg3 with a decisive attack.}) 33. f5 {White is winning back a
piece with material advantage and a continuously strong attack.}) 27... Bd7 $1
{A strong defensive move that interrupt the co-ordination of white's pieces.} (
{Efter} 27... Qxb2 28. Bxg6 Qxe2 29. Bxf7+ Kxf7 30. Qxe2 {har svart torn och
löparparet mot dam och bonde för vit. Men min uppfattning är att vits angrepp
med dam och springare i kombination med de förbundna fribönderna bör leda till
vinst.}) 28. Qg5 ({After} 28. Qxd7 Qxg3 29. Qxd5 Ne6 {the position is in
material balance, but there is no good defence against blacks threat ...Kxf4
and so black is clearly better.}) (28. Bf5 {is leading to a won endgame for
black} Bxf5 29. Nxf5 gxf5 30. Qxg7+ Kxg7 31. Bxc3 d4 {Black is a pawn up and
has a superior position.}) 28... Qxb2 29. Bxg6 Qc3 30. Bxf7+ (30. Bf5 {is not
much better} {After} Bxf5 31. Nxf5 Ne6 {white is lost, even though there still
will be some practical chances.}) 30... Kxf7 31. Nh5 Ne6 32. Qf5+ Kg8 33. Nf6+
{Playing this move I thought I had tricked my opponent forcing a nice mate
combination. Unfortunately I had missed a small detail. White is lost in
nevertheless, but} (33. Qg6 Rf8 34. Rxd5 {would have given some practical
chances.}) (33. Rd3 Nxf4 $1 {immediately decides the game in blacks favor.})
33... Bxf6 34. exf6 Kf7 $1 35. Rxd5 $4 (35. Re5 Rh8 {eliminates all hopes for
white and}) (35. Qh7+ Kxf6 36. Qxd7 (36. Re5 Nxf4 $1) 36... Qg3 37. Rxd5 Qg4 {
does not give white any real survival chances either.}) 35... Qc1+ $1 {The
move that I had missed in the time trouble. Now black forces exchange of
queens with ...Qxf4+ next move. I was only counting on} (35... Qa1+ 36. Kf2 {
and white is winning, for instance} Qxf6 37. Rxd7+ Re7 38. Qh7+ Kf8 (38... Ke8
{also looses to} 39. Rxe7+ Qxe7 40. Qg8+ Kd7 41. Qxa8) 39. Rxe7 Nxf4 40. R2e3 {
and white wins.}) 36. Kh2 (36. Kf2 Qxf4+ 37. Qxf4 Nxf4 38. Rxd7+ Kxf6 {gives
black a whole piece more and an easy win.}) 36... Rh8+ {The quickest win} (
36... Qxf4+ {also wins of course.}) 37. Kg3 Rag8+ 38. Kf2 Rxg2+ $1 39. Kxg2
Qh1+ 40. Kf2 Rh2+ 41. Kg3 (41. Ke3 Rxe2+ 42. Kxe2 Nd4+ 43. Rxd4 Bxf5) 41...
Qg1+ 42. Kf3 Nd4+ 0-1

[Event "Bugojno"]
[Site "Bugojno"]
[Date "1978.03.13"]
[Round "13"]
[White "Byrne, Robert Eugene"]
[Black "Karpov, Anatoly"]
[Result "1/2-1/2"]
[WhiteElo "2550"]
[BlackElo "2725"]
[Annotator "Bulletin"]
[PlyCount "46"]
[EventDate "1978.02.27"]
[EventType "tourn"]
[EventRounds "15"]
[EventCountry "YUG"]
[EventCategory "14"]
[SourceTitle "MCL"]
[Source "ChessBase"]
[SourceDate "1999.07.01"]
[SourceVersion "1"]
[SourceVersionDate "1999.07.01"]
[SourceQuality "1"]

1. e4 e5 2. Nf3 Nc6 3. Bb5 a6 4. Ba4 Nf6 5. O-O Be7 6. Re1 b5 7. Bb3 d6 8. c3
O-O 9. h3 Bb7 10. d4 Re8 11. Nbd2 Bf8 12. Bc2 g6 13. b3 Nb8 14. a4 Nbd7 15. Bd3
c6 16. Bb2 Bg7 17. Qc2 Rb8 (17... Qb6 18. b4 exd4 19. cxd4 c5 20. bxc5 dxc5 21.
axb5 axb5 22. dxc5 Nxc5 23. Rxa8 Bxa8 24. Bd4 $14 {Byrne-Oasdevsky, Monte
Carlo 1968}) (17... Rc8 18. dxe5 $6 (18. Bf1 $5) 18... dxe5 19. b4 Bf8 20. Red1
Qb6 21. Qb3 c5 $15 {Korchnoi-Portisch, m USSR-Rest Belgrad 1970}) 18. Bf1 Ba8
19. b4 Qc8 20. dxe5 dxe5 21. c4 bxa4 22. Rxa4 c5 23. b5 Bb7 1/2-1/2

[Event "EU-Cup 31st"]
[Site "Skopje"]
[Date "2015.10.23"]
[Round "6.1"]
[White "Sutovsky, Emil"]
[Black "Svidler, Peter"]
[Result "0-1"]
[WhiteElo "2635"]
[BlackElo "2727"]
[Annotator "CB"]
[PlyCount "82"]
[EventDate "2015.10.18"]
[EventType "team-swiss"]
[EventRounds "7"]
[EventCountry "MKD"]
[SourceTitle "CBM 169"]
[Source "ChessBase"]
[SourceDate "2015.11.10"]
[SourceVersion "1"]
[SourceVersionDate "2015.11.10"]
[SourceQuality "1"]
[WhiteTeam "Odlar Yurdu"]
[BlackTeam "Mednyi Vsadnik"]
[WhiteTeamCountry "AZE"]
[BlackTeamCountry "RUS"]

1. e4 e5 2. Nf3 Nc6 3. Bb5 a6 4. Ba4 Nf6 5. O-O Be7 6. Re1 b5 7. Bb3 O-O 8. c3
d6 9. h3 Nb8 10. d4 Nbd7 11. Nbd2 Bb7 12. Bc2 Re8 13. Nf1 Bf8 14. Bg5 ({
Üblich ist} 14. Ng3 g6 15. a4) 14... h6 {[#]} 15. Bh4 {Der Läufer konnte
nicht nach e3, weil e4 hing. Aber hier steht er nicht gut, weil er dem Sf1 den
Weg nach g3 versperrt.} Qc8 16. N3d2 g6 17. dxe5 Rxe5 18. f4 Re8 {[#] Weiß
hat Probleme mit dem schwachen Bauern e4 und löst dies nun auf radikale Weise.
} 19. e5 $6 dxe5 20. f5 g5 21. Bf2 e4 22. Ng3 {[#]} e3 {Gibt den Bauern
zurück und öffnet dabei Linien für die eigenen Figuren.} 23. Rxe3 (23. Bxe3
Rxe3 24. Rxe3 Bc5 25. Ndf1 Nd5 $19) 23... Bc5 24. Rxe8+ Qxe8 25. Qe1 Qf8 26.
Nde4 Bxe4 27. Nxe4 Nxe4 28. Qxe4 Re8 29. Qc6 Bxf2+ 30. Kxf2 Qe7 31. Kg1 ({Nach
} 31. Qxh6 Qe3+ 32. Kf1 Qf4+ 33. Kg1 Re2 34. Rf1 Qg3 {scheint} 35. Be4 {
noch zu gehen. Aber} Qe3+ (35... Rxe4 $2 36. f6 Nxf6 37. Qxf6 $11) 36. Kh1 Qxe4
{gewinnt gefahrlos die Figur.} 37. Qxg5+ Kf8 38. Qd8+ Qe8 $19) 31... Nf6 32.
Qf3 (32. Qxa6 Qc5+ 33. Kh1 Kg7 $17 {und die weiße Dame ist sehr weit weg vom
eigenen König, der bald unter Beschuss geraten wird.}) 32... Qc5+ 33. Qf2 {[#]
} Re3 $1 {Schick. Es droht g4 und Weiß kann nicht auf g4 nehmen, weil nach
Sg4 die Dame ziehen muss und dann ein Abzug des Turmes folgt. Die weiße
Position wird nun in wenigen Zügen ausgehebelt.} 34. Kf1 Qc4+ 35. Kg1 Re2 36.
Bb3 Qe4 37. Qg3 c5 38. Bd1 Rxb2 39. Bf3 Qe3+ 40. Kh1 Qxc3 41. h4 Rb4 0-1

[Event "Grenke Chess Classic 3rd"]
[Site "Baden-Baden"]
[Date "2015.02.08"]
[Round "6"]
[White "Anand, Viswanathan"]
[Black "Baramidze, David"]
[Result "1-0"]
[WhiteElo "2797"]
[BlackElo "2594"]
[Annotator "CB"]
[PlyCount "129"]
[EventDate "2015.02.02"]
[EventType "tourn"]
[EventRounds "7"]
[EventCountry "GER"]
[EventCategory "20"]
[SourceTitle "CBM 165"]
[Source "ChessBase"]
[SourceDate "2015.03.11"]
[SourceVersion "1"]
[SourceVersionDate "2015.03.11"]
[SourceQuality "1"]

1. e4 e5 2. Nf3 Nc6 3. Bb5 a6 4. Ba4 Nf6 5. O-O Be7 6. Re1 b5 7. Bb3 d6 8. c3
O-O 9. h3 Nb8 10. d4 Nbd7 11. Nbd2 Bb7 12. Bc2 Re8 13. Nf1 Bf8 14. Ng3 g6 15.
a4 Bg7 16. Bd3 {Baramidze is faithful to the variation that gave him a good
position against Carlsen, even if he lost that game at the end.} c6 17. Be3 {
Already a different approach from 17.Bg5. The structure is typical for the
Breyer: Black will try to break on d5 at some point, but it isn't always easy
to achieve and it doesn't always give full equality. On the other hand it
isn't entirely clear what White is doing to improve his own position.} Qc7 18.
Qd2 exd4 19. cxd4 c5 {This entire plan of playing c5, though common for the
structure, is probably dubious at this point. White is very well placed for it.
} 20. d5 c4 21. Bc2 Rec8 22. axb5 c3 {This is the start of a combination that
doesn't work.} (22... axb5 23. Nd4 {looks pretty bad for Black as b5 is hard
to defend in a natural way.}) 23. bxc3 Nxd5 24. exd5 Bxc3 25. Qd1 Bxa1 26. Qxa1
axb5 27. Qd4 {Black doesn't have the time to take on c2.} Qc3 (27... Qxc2 28.
Bh6 f6 29. Re7 {Black is too weak along the 7th rank and his defenses simply
collapse.}) 28. Ne4 Qxd4 29. Nxd4 Bxd5 30. Nxd6 Rc5 31. N6xb5 {White has
consolidated his extra material. The two pieces will overpower the rook, even
if it is a slow process.} Ra2 32. Bh6 Ra8 33. Bd3 Rd8 34. Bg5 Ra8 35. Be7 Rcc8
36. Nd6 Rc7 37. N4b5 Rc6 38. Bf1 Kg7 39. g4 f6 40. g5 Rb8 41. h4 h5 42. Bh3 f5
43. Bf1 Kg8 44. Rd1 Bf3 45. Ra1 Bd5 46. f4 Nc5 47. Rd1 Bf3 48. Bc4+ Kh7 49. Rf1
Be4 50. Ra1 Nd3 51. Nd4 Rc7 52. Nxe4 fxe4 53. Bf6 Rcb7 54. Ne6 Rb1+ 55. Rxb1
Rxb1+ 56. Kg2 Rb8 57. Kf1 Rc8 58. Bd5 Re8 59. Be5 Rc8 60. Ke2 Nc5 61. Nxc5 Rxc5
62. Bxe4 Ra5 63. Ke3 Ra3+ 64. Kd4 Ra5 65. f5 1-0

[Event "Reggio Emilia 53rd"]
[Site "Reggio Emilia"]
[Date "2011.01.05"]
[Round "8"]
[White "Gashimov, Vugar"]
[Black "Navara, David"]
[Result "1-0"]
[WhiteElo "2719"]
[BlackElo "2731"]
[Annotator "CB"]
[PlyCount "107"]
[EventDate "2010.12.28"]
[EventType "tourn"]
[EventRounds "9"]
[EventCountry "ITA"]
[EventCategory "18"]
[SourceTitle "CBM 140"]
[Source "ChessBase"]
[SourceDate "2011.01.18"]
[SourceVersion "1"]
[SourceVersionDate "2011.01.18"]
[SourceQuality "1"]

1. e4 e5 2. Nf3 Nc6 3. Bb5 a6 4. Ba4 Nf6 5. O-O Be7 6. Re1 b5 7. Bb3 d6 8. c3
O-O 9. h3 Nb8 10. d4 Nbd7 11. Nbd2 Bb7 12. Bc2 Re8 13. Nf1 Bf8 14. Bg5 h6 15.
Bh4 g6 {This is the second Breyer the two players play this year, with Navara
seeking to settle the score.} (15... exd4 16. cxd4 c5 17. d5 g6 18. Bg3 Nb6 19.
b3 Bg7 20. Rc1 a5 21. Bd3 b4 22. N3d2 a4 23. Ne3 axb3 24. axb3 Nh5 25. Bh2 Bb2
26. Bb5 Re7 27. Ng4 Nf6 28. Nxh6+ Kg7 29. Ng4 Bxc1 30. Qxc1 Nxg4 31. hxg4 {
1-0 Gashimov,V (2719)-Navara,D (2731)/Sestao 2010/CB34_2010 (48)}) 16. N1h2 Bg7
17. dxe5 dxe5 18. Ng4 g5 (18... Qe7 19. Qd2 g5 20. Nxf6+ Nxf6 21. Bg3 Nh5 22.
a4 c5 23. Nh2 c4 24. Nf1 Nf4 {1/2-1/2 Gashimov,V (2734)-Svidler,P (2735)/
Astrakhan 2010/CB20_2010 (62)}) 19. Bg3 Nxg4 20. hxg4 Qe7 21. a4 c5 {#} 22. Nd2
{Obviously, the knight has few options on f3, so it is time to reroute it to
the far more attractive f5 square which is just screaming to have a knight
placed on it.} Nf6 23. Nf1 Qe6 24. f3 h5 25. gxh5 ({Instead of handing the f4
square to Black's knight, Gashimov might have tried} 25. Qd2 Bh6 26. Ne3 Red8
27. Qf2 hxg4 28. Nf5) 25... Nxh5 26. Bf2 Rad8 27. Qc1 Nf4 28. Ne3 {#Although
White's knight will finally reach its destination, it is completely balanced
by Black's equally well-placed counterpart.} Qg6 29. axb5 axb5 30. Ra7 {#} g4
$3 {Trouble in paradise!} 31. fxg4 Bxe4 32. Nf5 Bxc2 33. Qxc2 Qxg4 34. Be3 c4
35. Rb7 {#} Rd3 ({The Czech player now had a chance to finish Vugar off with
the unexpected} 35... Bf8 $1 {The point is that} 36. Bxf4 {would no longer
effectively defend, since now} ({If White ignores this and grabs the pawn with
} 36. Rxb5 {then Black forces his opponent's hand with} Re6 37. Bxf4 {Forced
due to the threat of Rg6.} exf4 38. Rxe6 Rd1+ $1 39. Kf2 fxe6 {and the knight
is lost since if it moves, White is mated with Qg3+ Ke2 Qe1 mate.}) 36... exf4
37. Rxe8 Rxe8 $1 {and White cannot protect against the fatal rook penetration
and the knight at the same time.}) 36. Bxf4 Qxf5 37. Bc1 Qc8 ({The natural
looking} 37... e4 {was strongest here.}) 38. Ra7 Bf8 39. b4 Qe6 40. Qf2 Rxc3
41. Bd2 Rb3 42. Rf1 {White's threats are starting to become serious, and
Navara is walking on very thin ice here.} Qd5 $6 {#} (42... Be7 43. Ra6 Qd5 (
43... Qxa6 44. Qxf7+ {leads to mate.})) 43. Be3 $1 Rxe3 44. Rxf7 $1 (44. Qxe3
Qd4 $1 {and White is in trouble. Ex:} 45. Qxd4 exd4 46. Rfxf7 d3 $1) 44... Bh6
({The interference return of material with} 44... Rf3 {was an option to
prevent Qf5, though Black is still in big trouble after} 45. Rxf3 Bg7 46. Qe2
Qd4+ 47. Kh1 Re6 48. Rh3) 45. Qf5 Qd3 (45... Qe4 46. Qd7 Ra8 47. Qe6 $18) 46.
Qg4+ Kh8 47. R7f6 Rh3 {Forced.} (47... Kh7 $4 48. Rxh6+ Kxh6 49. Rf6+ {etc.})
48. gxh3 Qh7 49. Kh1 Bf4 50. Qf3 Rg8 51. Rb6 Qc2 52. Qh5+ Qh7 53. Qxh7+ Kxh7
54. Rf3 {Protecting against Rg3 and ending any hopes for Black.} 1-0

[Event "Baden"]
[Site "Baden"]
[Date "1980.??.??"]
[Round "6"]
[White "Byrne, Robert Eugene"]
[Black "Spassky, Boris Vasilievich"]
[Result "1/2-1/2"]
[WhiteElo "2530"]
[BlackElo "2615"]
[Annotator "ChessBase"]
[PlyCount "50"]
[EventDate "1980.??.??"]
[EventType "tourn"]
[EventRounds "15"]
[EventCountry "AUT"]
[EventCategory "12"]
[SourceTitle "MCL"]
[Source "ChessBase"]
[SourceDate "1999.07.01"]
[SourceVersion "1"]
[SourceVersionDate "1999.07.01"]
[SourceQuality "1"]

1. e4 e5 2. Nf3 Nc6 3. Bb5 a6 4. Ba4 Nf6 5. O-O Be7 6. Re1 b5 7. Bb3 d6 8. c3
O-O 9. h3 Nb8 10. d4 Nbd7 11. c4 Bb7 12. Nc3 c6 13. a3 exd4 14. Nxd4 Nc5 (14...
bxc4 15. Bxc4 d5 16. Nxc6 (16. Bd3 dxe4 17. Nxe4 c5 $10) 16... Bxc6 17. exd5 {
/\18.d5-d6 +/-} Nb6 18. dxc6 Nxc4 (18... Qxd1 19. Nxd1 $18) 19. Qe2 $18) 15.
Ba2 bxc4 16. Bxc4 d5 17. exd5 cxd5 18. Ba2 Nfe4 19. Nf5 Nxc3 20. Nxe7+ Qxe7 21.
bxc3 Ne6 22. Bxd5 Rfd8 23. c4 Bxd5 24. cxd5 Qc5 25. Be3 Qxd5 1/2-1/2

[Event "Biel GM"]
[Site "Biel"]
[Date "2007.07.27"]
[Round "4"]
[White "Motylev, Alexander"]
[Black "Carlsen, Magnus"]
[Result "0-1"]
[WhiteElo "2648"]
[BlackElo "2710"]
[Annotator "ChessBase"]
[PlyCount "70"]
[EventDate "2007.07.23"]
[EventType "tourn"]
[EventRounds "9"]
[EventCountry "SUI"]
[EventCategory "18"]
[SourceTitle "CBM 120"]
[Source "ChessBase"]
[SourceDate "2007.10.02"]
[SourceVersion "1"]
[SourceVersionDate "2007.10.02"]
[SourceQuality "1"]

1. e4 e5 2. Nf3 Nc6 3. Bb5 a6 4. Ba4 Nf6 5. O-O Be7 6. Re1 b5 7. Bb3 O-O 8. c3
d6 9. h3 Nb8 10. d4 Nbd7 11. Nbd2 Bb7 12. Bc2 Re8 13. Nf1 Bf8 14. Ng3 g6 15. b3
c6 16. a4 Bg7 17. Ba3 d5 18. dxe5 Nxe5 19. Nxe5 Rxe5 20. f4 Re8 21. e5 Nd7 22.
Bd6 c5 23. axb5 axb5 24. Rxa8 Bxa8 25. b4 cxb4 26. Bxb4 f6 27. Bb3 fxe5 28.
Bxd5+ Bxd5 29. Qxd5+ Kh8 30. f5 Qb6+ 31. Kh2 Nf6 32. Qf7 e4 33. fxg6 Qb8 34.
gxh7 Qe5 {Carlsen had played the game extremely quickly, but not without some
inaccuracies. Here Motylev had a winning position, but he was already in
extreme time trouble and carlsen's rapid play did not allow him much thinking
time on his opponent's moves.. Carlsen hatte die Partie extrem schnell
gespielt, aber auch nicht fehlerlos. Motylev hatte hier eine Gewinnstellung,
aber er befand sich auch schon starker Zeitnot und wegen Carlsens schnellen
Spiel erhielt er wenig Gelegenheit bei gegnerischem Zugrecht nachzudenken.} 35.
Bd6 $4 ({The strongest move, and almost the only winning one was Am stärksten 
(und fast auch der einzige Gewinn) war} 35. Qg6 Z0 {and the unpinning of the
g3-knight with und die Entfesselung des Springers g3 mit} 36. Kg1) 35... Qxd6 {
The plan now was 36.Qxg7+ Kxg7 37.Nf5+, but the knight on g3 was still pinned.
Geplant war nun 36.Qxg7+ Kxg7 37.Nf5+, aber der Springer auf g3 ist immer noch
gefesselt.} 0-1